Every scorer in the UEFA Champions League finals - Statistics

General Stats
  • This quiz has been taken 69 times
    16 since last reset
  • The average score is 49 of 81
Answer Stats
Season Winner Runner-up Score Scorer % Correct
2007-2008 Manchester United (ENG) Chelsea FC (ENG) 1-1 Cristiano Ronaldo
100%
2013-2014 Real Madrid (SPA) Atlético Madrid (SPA) 4-1 Cristiano Ronaldo
100%
2016-2017 Real Madrid (SPA) Juventus FC (ITA) 4-1 Cristiano Ronaldo (x2)
100%
2017-2018 Real Madrid (SPA) Liverpool FC (ENG) 3-1 Karim Benzema
100%
2008-2009 FC Barcelona (SPA) Manchester United (ENG) 2-0 Lionel Messi
100%
2010-2011 FC Barcelona (SPA) Manchester United (ENG) 3-1 Lionel Messi
100%
2025-2026 Paris-Saint-Germain (FRA) Arsenal (ANG) 1-1 Ousmane Dembélé
100%
2004-2005 Liverpool FC (ENG) AC Milan (ITA) 3-3 Steven Gerrard
100%
2013-2014 Real Madrid (SPA) Atlético Madrid (SPA) 4-1 Gareth Bale
93%
2017-2018 Real Madrid (SPA) Liverpool FC (ENG) 3-1 Gareth Bale (x2)
93%
2013-2014 Real Madrid (SPA) Atlético Madrid (SPA) 4-1 Sergio Ramos
93%
2015-2016 Real Madrid (SPA) Atlético Madrid (SPA) 1-1 Sergio Ramos
93%
2021-2022 Real Madrid (SPA) Liverpool FC (ENG) 1-0 Vinícius Júnior
93%
2023-2024 Real Madrid (SPA) Borussia Dortmund (GER) 2-0 Vinícius Júnior
93%
2012-2013 Bayern Munich (GER) Borussia Dortmund (GER) 2-1 Arjen Robben
86%
2006-2007 AC Milan (ITA) Liverpool FC (ENG) 2-1 Filippo Inzaghi (x2)
86%
2020-2021 Chelsea FC (ENG) Manchester City (ENG) 1-0 Kai Havertz
86%
2025-2026 Paris-Saint-Germain (FRA) Arsenal (ANG) 1-1 Kai Havertz
86%
2018-2019 Liverpool FC (ENG) Tottenham Hotspur (ENG) 2-0 Mohamed Salah
86%
2014-2015 FC Barcelona (SPA) Juventus FC (ITA) 3-1 Neymar
86%
2017-2018 Real Madrid (SPA) Liverpool FC (ENG) 3-1 Sadio Mané
86%
2024-2025 Paris-Saint-Germain (FRA) Inter Milan (ITA) 5-0 Désiré Doué (x2)
79%
2011-2012 Chelsea FC (ENG) Bayern Munich (GER) 1-1 Didier Drogba
79%
2014-2015 FC Barcelona (SPA) Juventus FC (ITA) 3-1 Luis Suárez
79%
2012-2013 Bayern Munich (GER) Borussia Dortmund (GER) 2-1 Mario Mandžukić
79%
2016-2017 Real Madrid (SPA) Juventus FC (ITA) 4-1 Mario Mandžukić
79%
1998-1999 Manchester United (ENG) Bayern Munich (GER) 2-1 Ole Gunnar Solskjær
79%
1999-2000 Real Madrid (SPA) Valencia CF (SPA) 3-0 Raúl
79%
2001-2002 Real Madrid (SPA) Bayer Leverkusen (GER) 2-1 Raúl
79%
2022-2023 Manchester City (ENG) Inter Milan (ITA) 1-0 Rodri
79%
2011-2012 Chelsea FC (ENG) Bayern Munich (GER) 1-1 Thomas Müller
79%
2001-2002 Real Madrid (SPA) Bayer Leverkusen (GER) 2-1 Zinédine Zidane
79%
2016-2017 Real Madrid (SPA) Juventus FC (ITA) 4-1 Casemiro
71%
2003-2004 FC Porto (POR) AS Monaco (FRA) 3-0 Deco
71%
2007-2008 Manchester United (ENG) Chelsea FC (ENG) 1-1 Frank Lampard
71%
2024-2025 Paris-Saint-Germain (FRA) Inter Milan (ITA) 5-0 Khvicha Kvaratskhelia
71%
2004-2005 Liverpool FC (ENG) AC Milan (ITA) 3-3 Paolo Maldini
71%
2005-2006 FC Barcelona (SPA) Arsenal FC (ENG) 2-1 Samuel Eto'o
71%
2008-2009 FC Barcelona (SPA) Manchester United (ENG) 2-0 Samuel Eto'o
71%
2010-2011 FC Barcelona (SPA) Manchester United (ENG) 3-1 Wayne Rooney
71%
2023-2024 Real Madrid (SPA) Borussia Dortmund (GER) 2-0 Dani Carvajal
64%
2010-2011 FC Barcelona (SPA) Manchester United (ENG) 3-1 David Villa
64%
2009-2010 Inter Milan (ITA) Bayern Munich (GER) 2-0 Diego Milito (x2)
64%
2014-2015 FC Barcelona (SPA) Juventus FC (ITA) 3-1 Ivan Rakitić
64%
2019-2020 Bayern Munich (GER) Paris Saint-Germain (FRA) 1-0 Kingsley Coman
64%
2016-2017 Real Madrid (SPA) Juventus FC (ITA) 4-1 Marco Asensio
64%
2010-2011 FC Barcelona (SPA) Manchester United (ENG) 3-1 Pedro
64%
2018-2019 Liverpool FC (ENG) Tottenham Hotspur (ENG) 2-0 Divock Origi
57%
2012-2013 Bayern Munich (GER) Borussia Dortmund (GER) 2-1 İlkay Gündoğan
57%
1998-1999 Manchester United (ENG) Bayern Munich (GER) 2-1 Teddy Sheringham
57%
2015-2016 Real Madrid (SPA) Atlético Madrid (SPA) 1-1 Yannick Ferreira Carrasco
57%
2024-2025 Paris-Saint-Germain (FRA) Inter Milan (ITA) 5-0 Achraf Hakimi
50%
1996-1997 Borussia Dortmund (GER) Juventus FC (ITA) 3-1 Alessandro Del Piero
50%
2014-2015 FC Barcelona (SPA) Juventus FC (ITA) 3-1 Álvaro Morata
50%
2013-2014 Real Madrid (SPA) Atlético Madrid (SPA) 4-1 Diego Godín
50%
1999-2000 Real Madrid (SPA) Valencia CF (SPA) 3-0 Fernando Morientes
50%
2004-2005 Liverpool FC (ENG) AC Milan (ITA) 3-3 Hernán Crespo (x2)
50%
2013-2014 Real Madrid (SPA) Atlético Madrid (SPA) 4-1 Marcelo
50%
1994-1995 Ajax Amsterdam (NED) AC Milan (ITA) 1-0 Patrick Kluivert
50%
2004-2005 Liverpool FC (ENG) AC Milan (ITA) 3-3 Xabi Alonso
50%
2024-2025 Paris-Saint-Germain (FRA) Inter Milan (ITA) 5-0 Senny Mayulu
43%
2005-2006 FC Barcelona (SPA) Arsenal FC (ENG) 2-1 Sol Campbell
43%
2006-2007 AC Milan (ITA) Liverpool FC (ENG) 2-1 Dirk Kuyt
36%
2005-2006 FC Barcelona (SPA) Arsenal FC (ENG) 2-1 Juliano Belletti
36%
1999-2000 Real Madrid (SPA) Valencia CF (SPA) 3-0 Steve McManaman
29%
2004-2005 Liverpool FC (ENG) AC Milan (ITA) 3-3 Vladimir Šmicer
29%
1996-1997 Borussia Dortmund (GER) Juventus FC (ITA) 3-1 Lars Ricken
21%
1993-1994 AC Milan (ITA) FC Barcelona (SPA) 4-0 Marcel Desailly
21%
1998-1999 Manchester United (ENG) Bayern Munich (GER) 2-1 Mario Basler
21%
2003-2004 FC Porto (POR) AS Monaco (FRA) 3-0 Carlos Alberto
14%
1995-1996 Juventus FC (ITA) Ajax Amsterdam (NED) 1-1 Fabrizio Ravanelli
14%
2001-2002 Real Madrid (SPA) Bayer Leverkusen (GER) 2-1 Lúcio
14%
1997-1998 Real Madrid (SPA) Juventus FC (ITA) 1-0 Predrag Mijatović
14%
2000-2001 Bayern Munich (GER) Valencia CF (SPA) 1-1 Stefan Effenberg
14%
1992-1993 Olympique de Marseille (FRA) AC Milan (ITA) 1-0 Basile Boli
7%
1993-1994 AC Milan (ITA) FC Barcelona (SPA) 4-0 Daniele Massaro (x2)
7%
2003-2004 FC Porto (POR) AS Monaco (FRA) 3-0 Dmitri Alenichev
7%
1993-1994 AC Milan (ITA) FC Barcelona (SPA) 4-0 Dejan Savićević
0%
2000-2001 Bayern Munich (GER) Valencia CF (SPA) 1-1 Gaizka Mendieta
0%
1995-1996 Juventus FC (ITA) Ajax Amsterdam (NED) 1-1 Jari Litmanen
0%
1996-1997 Borussia Dortmund (GER) Juventus FC (ITA) 3-1 Karl-Heinz Riedle (x2)
0%
No matching quizzes found
Score Distribution
Percent of People with Each Score
Percentile by Number Answered
Your Score History
You have not taken this quiz since the last reset